Normal view
MARC view
Entry Término temático
001 - NÚMERO DE CONTROL
- campo de control: 165757
003 - IDENTIFICADOR DEL NÚMERO DE CONTROL
- campo de control: OSt
005 - FECHA Y HORA DE LA ÚLTIMA TRANSACCIÓN
- campo de control: 20220127160918.0
008 - DATOS DE LONGITUD FIJA
- campo de control de longitud fija: 220127|| aca||aabn | a|a d
040 ## - FUENTE DE LA CATALOGACIÓN
- Centro catalogador/agencia de origen: OSt
- Centro/agencia transcriptor: OSt
150 ## - ENCABEZAMIENTO--TÉRMINO DE MATERIA
- Término de materia o nombre geográfico como elemento de entrada: Durazno
- Subdivisión general: Fisiología y morfología Café
- Subdivisión general: Fisiología y morfología Micorriza Plantas
- Subdivisión general: Nutrición
670 ## - FUENTE DE DATOS ENCONTRADOS
- Cita de la fuente: Work cat.: (OSt)200923: Frausto Cisneros, José Luis 43074, Prueba de micorrización de durazno Prunus pérsica (CL) Batsch, y café Coffea arábica (L) var. caturra, en vivero /
